Oceňovanie, účtovanie a analýza zásob vo výrobnom podniku diplomová práca

Saved in:
Bibliographic Details
Main Author: Cábocký, Karol
Corporate Author: Podnikovohospodárska fakulta EU so sídlom v Košiciach. Katedra účtovníctva a financií
Other Authors: Manová, Eva, 1957-
Format: Book
Language:Slovak
Published: Košice 2011
Tags: Add Tag
No Tags, Be the first to tag this record!

MARC

LEADER 00000nbm a2200000 4500
001 0139331
005 20161109101916.3
041 0 |a slo 
044 |a SK 
245 1 0 |a Oceňovanie, účtovanie a analýza zásob vo výrobnom podniku  |b diplomová práca  |c Karol Cábocký ; školiteľ: Eva Manová 
264 1 |a Košice  |c 2011 
300 |a 61 s. 
100 1 |a Cábocký, Karol 
700 1 |a Manová, Eva, 1957- 
710 2 |a Podnikovohospodárska fakulta EU so sídlom v Košiciach. Katedra účtovníctva a financií